[Event "Mercredi 2019.10.09 ABCD"]
[Site "Montreal CAN"]
[Date "2019.10.30"]
[Round "4"]
[White "Yu, Zong Yang"]
[Black "Nunez, Omar"]
[Result "1-0"]
[WhiteElo "2463"]
[BlackElo "1950"]
[PlyCount "91"]
[EventDate "2019.10.09"]
[EventType "tourn"]
[EventRounds "5"]
[EventCountry "CAN"]

1. d4 d6 2. g3 e5 3. dxe5 dxe5 4. Qxd8+ Kxd8 5. Nc3 c6 6. Bg5+ f6 7. O-O-O+ Kc7
8. Be3 Be6 9. Bh3 Bxh3 10. Nxh3 Nd7 11. Rd3 b6 12. Rhd1 Rd8 13. f4 Be7 14. fxe5
fxe5 15. Ne4 h6 16. Nhf2 Ngf6 17. Nxf6 Nxf6 18. Rxd8 Rxd8 19. Rxd8 Bxd8 20. Kd2
Kd7 21. Kd3 Ke6 22. h3 Be7 23. c4 Bd8 24. a4 a6 25. g4 b5 26. b3 h5 27. gxh5
Kf5 28. axb5 axb5 29. h6 gxh6 30. Bxh6 bxc4+ 31. bxc4 e4+ 32. Kc2 Bb6 33. e3
Bc5 34. Kd2 Nh5 35. Ng4 Kg6 36. Ke2 Kf5 37. Kf2 Bd6 38. Kg2 Bc5 39. Nf2 Bd6 40.
h4 Be7 41. Kh3 Bd6 42. Nh1 Bc5 43. Ng3+ Nxg3 44. Kxg3 Kg6 45. Bg5 Kh5 46. Kf4
1-0

[Event "Mercredi 2019.10.09 ABCD"]
[Site "Montreal CAN"]
[Date "2019.11.06"]
[Round "5"]
[White "Baran, Marius"]
[Black "Allaire, Denis"]
[Result "1/2-1/2"]
[WhiteElo "1765"]
[BlackElo "1699"]
[PlyCount "114"]
[EventDate "2019.10.09"]
[EventType "tourn"]
[EventRounds "5"]
[EventCountry "CAN"]

1. e4 e5 2. Nf3 Nf6 3. Nxe5 d6 4. Nf3 Nxe4 5. Nc3 Nf6 6. d4 Be7 7. Bb5+ Nbd7 8.
Bf4 a6 9. Bd3 O-O 10. Qd2 b5 11. O-O Bb7 12. Ng5 Re8 13. Nce4 h6 14. Nxf6+ Nxf6
15. Nf3 Ne4 16. Qc1 c5 17. c3 Bf6 18. Re1 c4 19. Bc2 g5 20. Be3 g4 21. Nd2 Ng5
22. Bf5 h5 23. Qc2 Ne6 24. Ne4 Ng7 25. Bh7+ Kh8 26. Bh6 Bxe4 27. Bxe4 d5 28.
Bf5 Qd6 29. g3 b4 30. Kf1 bxc3 31. bxc3 Bxd4 32. cxd4 Qxh6 33. Bd7 Red8 34. Ba4
Ne6 35. Rad1 Qf6 36. Re5 Kg7 37. Rxh5 Rh8 38. Qf5 Qxf5 39. Rxf5 Rxh2 40. Rxd5
c3 41. Ke2 Rc8 42. Bc2 Rc4 43. Ke3 Rc7 44. Ra5 Re7 45. Re5 Kf6 46. Rf5+ Kg7 47.
Kd3 Rc7 48. Rb1 Rh8 49. Rb6 Rd8 50. Rxe6 fxe6 51. Rg5+ Kf6 52. Rxg4 e5 53. Rh4
exd4 54. Rxd4 Rxd4+ 55. Kxd4 Kg5 56. f3 Kf6 57. a3 Ke6 1/2-1/2

[Event "Mercredi 2019.10.09 ABCD"]
[Site "Montreal CAN"]
[Date "2019.11.06"]
[Round "5"]
[White "Fortin-Lavoie, Patrice"]
[Black "Lewicki, Philip"]
[Result "1-0"]
[WhiteElo "1824"]
[BlackElo "1867"]
[PlyCount "75"]
[EventDate "2019.10.09"]
[EventType "tourn"]
[EventRounds "5"]
[EventCountry "CAN"]

1. d4 e6 2. c4 f5 3. Bf4 Nf6 4. e3 Be7 5. Nc3 O-O 6. Be2 h6 7. Nh3 d6 8. Qb3
Kh8 9. Rd1 Qe8 10. c5 dxc5 11. d5 exd5 12. Nxd5 Nxd5 13. Qxd5 c6 14. Qb3 Nd7
15. Bg3 Nf6 16. Nf4 b5 17. O-O c4 18. Qc2 g5 19. Nh3 Nd5 20. Be5+ Kg8 21. a4
Bb4 22. Bc3 Bxc3 23. bxc3 Be6 24. axb5 cxb5 25. Rd4 Qf7 26. Qd2 a5 27. Rd1 Nf6
28. Bf3 Ra7 29. Bc6 b4 30. cxb4 axb4 31. Qxb4 Qc7 32. Rd6 Kf7 33. Rxe6 Kxe6 34.
Qxf8 Qxc6 35. Qxh6 g4 36. Ng5+ Ke5 37. f4+ gxf3 38. Nxf3+ 1-0

[Event "Mercredi 2019.10.09 ABCD"]
[Site "Montreal CAN"]
[Date "2019.10.25"]
[Round "5"]
[White "Gadbois, Patrick"]
[Black "Nesterov, Timour"]
[Result "0-1"]
[WhiteElo "1878"]
[BlackElo "1890"]
[PlyCount "98"]
[EventDate "2019.10.09"]
[EventType "tourn"]
[EventRounds "5"]
[EventCountry "CAN"]

1. d4 e6 2. e3 b6 3. Nf3 Bb7 4. Bd3 f5 5. O-O Nf6 6. c4 Be7 7. Nc3 O-O 8. b3
Ne4 9. Bb2 Nxc3 10. Bxc3 Bf6 11. Rc1 d6 12. Qe2 Nd7 13. e4 f4 14. Rfd1 Qe8 15.
Ne1 e5 16. d5 Be7 17. b4 Rf6 18. a4 g5 19. a5 Rh6 20. axb6 axb6 21. Ra1 Rb8 22.
Ra7 Nf6 23. c5 g4 24. f3 Qh5 25. fxg4 Qxh2+ 26. Kf1 Qg3 27. Qf3 Rh1+ 28. Ke2
Qh4 29. Nc2 Rh2 30. Be1 Qg5 31. Kd2 Bc8 32. Kc3 Bxg4 33. Qf1 Bxd1 34. Rxc7 Bd8
35. cxd6 Bxc7 36. dxc7 Rc8 37. d6 Bg4 38. Bc4+ Kh8 39. Qd3 Rxg2 40. Ba6 f3 41.
Bxc8 Bxc8 42. Qxf3 Rg4 43. Ne3 Rxe4 44. d7 Rxe3+ 45. Kb2 Nxd7 46. Qf7 Qg8 47.
Qe7 Qb3+ 48. Kc1 Rxe1+ 49. Kd2 Qe3+ 0-1

[Event "Mercredi 2019.10.09 ABCD"]
[Site "Montreal CAN"]
[Date "2019.11.27"]
[Round "5"]
[White "Gates, Claude-Eric"]
[Black "Audet, Eric"]
[Result "1-0"]
[WhiteElo "1844"]
[BlackElo "1788"]
[PlyCount "105"]
[EventDate "2019.10.09"]
[EventType "tourn"]
[EventRounds "5"]
[EventCountry "CAN"]

1. d4 c6 2. Nf3 d5 3. c4 Nf6 4. Nc3 a6 5. c5 Bf5 6. Qb3 Qc8 7. Bf4 Nbd7 8. Nh4
Bg6 9. Nxg6 hxg6 10. h3 e6 11. e3 Be7 12. Bd3 Bd8 13. O-O-O Bc7 14. Bxc7 Qxc7
15. f3 O-O 16. e4 dxe4 17. fxe4 b6 18. cxb6 Nxb6 19. Rhf1 c5 20. dxc5 Qxc5 21.
Kb1 Rfb8 22. Qc2 Nc4 23. Bxc4 Qxc4 24. Rfe1 Rd8 25. Rd2 Qc7 26. Red1 Rac8 27.
Qa4 Rxd2 28. Rxd2 Rd8 29. Rxd8+ Qxd8 30. Kc1 Qd3 31. Qd1 Qxd1+ 32. Kxd1 Kf8 33.
b4 Ke7 34. a4 Kd6 35. Kd2 Nd7 36. Kd3 Ne5+ 37. Kd4 Nc6+ 38. Kc4 Ne5+ 39. Kb3
Nd3 40. a5 Kc6 41. Kc4 Nf4 42. Na4 Nxg2 43. Nc5 Nf4 44. Nxa6 f5 45. b5+ Kb7 46.
Nc5+ Kb8 47. b6 fxe4 48. a6 Nd5 49. Kd4 e5+ 50. Kxd5 e3 51. Kd6 e2 52. Nd7+ Ka8
53. b7+ 1-0

[Event "Mercredi 2019.10.09 ABCD"]
[Site "Montreal CAN"]
[Date "2019.11.06"]
[Round "5"]
[White "Giurgiev, Silvius"]
[Black "Templonuevo, Mark Geryl"]
[Result "0-1"]
[WhiteElo "1843"]
[BlackElo "1862"]
[PlyCount "60"]
[EventDate "2019.10.09"]
[EventType "tourn"]
[EventRounds "5"]
[EventCountry "CAN"]

1. e4 e5 2. Nf3 Nc6 3. Bb5 a6 4. Ba4 Nf6 5. O-O b5 6. Bb3 Be7 7. Re1 O-O 8. c3
d5 9. exd5 Nxd5 10. Nxe5 Nxe5 11. Rxe5 c6 12. Bxd5 cxd5 13. Qf3 Be6 14. d4 Bd6
15. Re1 Qh4 16. g3 Qh3 17. Bf4 Rae8 18. Be3 f5 19. Bf4 Bxf4 20. Qxf4 Rf6 21.
Nd2 Rg6 22. Nf3 Rg4 23. Qd6 Rg6 24. Re3 f4 25. Qxf4 Rf8 26. Qh4 Qf5 27. Rxe6
Rxe6 28. Ne5 Qxf2+ 29. Kh1 Rh6 30. Ng4 Qf3+ 0-1

[Event "Mercredi 2019.10.09 ABCD"]
[Site "Montreal CAN"]
[Date "2019.11.06"]
[Round "5"]
[White "Guipi Bopala, Prince Eric jr"]
[Black "Destree, Frederic"]
[Result "1-0"]
[WhiteElo "1868"]
[BlackElo "1925"]
[PlyCount "105"]
[EventDate "2019.10.09"]
[EventType "tourn"]
[EventRounds "5"]
[EventCountry "CAN"]

1. d4 Nf6 2. c4 g6 3. Nc3 Bg7 4. e4 d6 5. f3 c6 6. Be3 a6 7. c5 dxc5 8. dxc5
Qa5 9. Qa4 Qxa4 10. Nxa4 Nfd7 11. f4 a5 12. Nf3 Na6 13. a3 Nc7 14. Nd2 h5 15.
Nc4 h4 16. Rb1 Ne6 17. Ncb6 Rb8 18. Bc4 Rh5 19. Be2 Nxb6 20. Nxb6 Rxc5 21. Bxc5
Nxc5 22. Nxc8 Rxc8 23. e5 f6 24. b4 axb4 25. axb4 Ne6 26. exf6 exf6 27. O-O Nd4
28. Rfe1 Kf8 29. Bd3 f5 30. Re3 Re8 31. Rxe8+ Kxe8 32. Kf2 Ne6 33. g3 hxg3+ 34.
hxg3 Bf6 35. Re1 Kd7 36. Bc4 Nd4 37. Rd1 Kc7 38. Bf7 Nc2 39. Bxg6 Nxb4 40. Bxf5
Nd5 41. Kf3 b5 42. g4 b4 43. g5 Bg7 44. Be6 Kd6 45. f5 b3 46. Bxd5 cxd5 47. f6
Bh8 48. Rb1 Ke5 49. Rxb3 Kf5 50. Rb8 Bxf6 51. gxf6 Kxf6 52. Kf4 Ke6 53. Rb6+
1-0

[Event "Mercredi 2019.10.09 ABCD"]
[Site "Montreal CAN"]
[Date "2019.11.06"]
[Round "5"]
[White "Latorre, Vincent"]
[Black "Barko, Maxim"]
[Result "0-1"]
[WhiteElo "1889"]
[BlackElo "1867"]
[PlyCount "78"]
[EventDate "2019.10.09"]
[EventType "tourn"]
[EventRounds "5"]
[EventCountry "CAN"]

1. e4 e6 2. d4 d5 3. Nc3 Bb4 4. e5 Ne7 5. a3 Bxc3+ 6. bxc3 c5 7. Qg4 Qc7 8.
Qxg7 Rg8 9. Qxh7 cxd4 10. Ne2 Nbc6 11. cxd4 Nxd4 12. Ra2 Nxe2 13. Bxe2 Rxg2 14.
Qh8+ Rg8 15. Qf6 d4 16. Bf3 Bd7 17. Bh5 O-O-O 18. Bd2 Bc6 19. Rf1 Nd5 20. Qxf7
Qxe5+ 21. Be2 Nc3 22. Bxc3 dxc3 23. Ra1 Rgf8 24. Qh5 Rf5 25. f4 Qe3 26. Qh6
Rfd5 27. Rf3 Qg1+ 28. Rf1 Qe3 29. Rf3 Qg1+ 30. Rf1 Qc5 31. Qh3 Rd2 32. Qxe6+
Bd7 33. Qe5 Qc6 34. Rf3 Re8 35. Qxc3 Rexe2+ 36. Kf1 Rf2+ 37. Kg1 Rg2+ 38. Kf1
Rxh2 39. Kg1 Rxc2 0-1

[Event "Mercredi 2019.10.09 ABCD"]
[Site "Montreal CAN"]
[Date "2019.11.06"]
[Round "5"]
[White "Nardone, Raul"]
[Black "Kozlov, Guennadi"]
[Result "0-1"]
[WhiteElo "1747"]
[BlackElo "1766"]
[PlyCount "74"]
[EventDate "2019.10.09"]
[EventType "tourn"]
[EventRounds "5"]
[EventCountry "CAN"]

1. Nf3 d5 2. b3 g6 3. Bb2 Nf6 4. g3 Bg7 5. Bg2 O-O 6. O-O c5 7. d3 Nc6 8. Nbd2
d4 9. Ng5 Nd5 10. a3 f5 11. Kh1 e5 12. Ngf3 Nce7 13. Qe1 Qc7 14. Rb1 Bd7 15. e4
fxe4 16. Nxe4 b6 17. c4 dxc3 18. Nxc3 Bc6 19. Ne4 Rae8 20. Qd2 Nf5 21. Nfg5 Nd4
22. Qd1 h6 23. Nf3 Nf6 24. Nxd4 exd4 25. Nxf6+ Rxf6 26. Qc2 Rfe6 27. Qc4 Bxg2+
28. Kxg2 Qc6+ 29. Kg1 Kh7 30. Rbc1 Re2 31. Rc2 Qf3 32. b4 Rxc2 33. Qxc2 Re2 34.
Qd1 h5 35. Bc1 h4 36. gxh4 Be5 37. Bg5 Qh3 0-1

[Event "Mercredi 2019.10.09 ABCD"]
[Site "Montreal CAN"]
[Date "2019.11.06"]
[Round "5"]
[White "Nunez, Omar"]
[Black "Toenz, Antoine"]
[Result "1/2-1/2"]
[WhiteElo "1950"]
[BlackElo "2035"]
[PlyCount "65"]
[EventDate "2019.10.09"]
[EventType "tourn"]
[EventRounds "5"]
[EventCountry "CAN"]

1. g3 Nf6 2. f4 d5 3. Bg2 c5 4. Nf3 Nc6 5. d3 e6 6. Nc3 a6 7. O-O Be7 8. e4 d4
9. Ne2 b5 10. a4 Bb7 11. h3 O-O 12. Bd2 Qc7 13. Qe1 e5 14. f5 h5 15. Kh2 c4 16.
Rg1 cxd3 17. cxd3 bxa4 18. Rxa4 a5 19. Bf1 Nb4 20. Bxb4 Bxb4 21. Qd1 Nxe4 22.
dxe4 Bxe4 23. Nh4 Bc2 24. Qc1 d3 25. Rxb4 axb4 26. f6 dxe2 27. fxg7 exf1=N+ 28.
Rxf1 Kxg7 29. Nf5+ Bxf5 30. Qxc7 Bg6 31. Qxe5+ Kh7 32. g4 Rfe8 33. Qf4 1/2-1/2

[Event "Mercredi 2019.10.09 ABCD"]
[Site "Montreal CAN"]
[Date "2019.11.06"]
[Round "5"]
[White "Nunez-Painchaud, Raphael"]
[Black "Lopez Linares, Lizandro"]
[Result "0-1"]
[WhiteElo "2148"]
[BlackElo "2217"]
[PlyCount "98"]
[EventDate "2019.10.09"]
[EventType "tourn"]
[EventRounds "5"]
[EventCountry "CAN"]

1. d4 d5 2. Nf3 Nf6 3. c4 c6 4. Nc3 dxc4 5. a4 Bf5 6. e3 e6 7. Bxc4 Bb4 8. O-O
O-O 9. Qe2 Bg4 10. Rd1 Nbd7 11. h3 Bxf3 12. Qxf3 Qe7 13. e4 e5 14. d5 Rad8 15.
dxc6 bxc6 16. Bg5 h6 17. Be3 Bxc3 18. bxc3 Nc5 19. Bxc5 Qxc5 20. Rxd8 Rxd8 21.
Qe2 g6 22. Rb1 Rd7 23. g3 Kg7 24. Kg2 h5 25. Rb8 Qa3 26. Qc2 h4 27. g4 Qc5 28.
Qe2 Nh7 29. g5 Nxg5 30. Qg4 Rd2 31. Qxh4 Rxf2+ 32. Qxf2 Qxc4 33. Qe3 Ne6 34.
Rb4 Qa2+ 35. Kg3 Nf4 36. Qf3 Qa1 37. Kh2 a5 38. Rb7 Qa2+ 39. Kg3 Qd2 40. Re7
Qd6 41. Ra7 Qc5 42. Qf2 Qxc3+ 43. Qf3 Qc5 44. Qf2 Qa3+ 45. Qf3 Qxa4 46. Rd7 Qc2
47. h4 a4 48. h5 Nxh5+ 49. Kh4 Nf4 0-1

[Event "Mercredi 2019.10.09 ABCD"]
[Site "Montreal CAN"]
[Date "2019.11.06"]
[Round "5"]
[White "Pomerantz, Daniel"]
[Black "Yu, Zong Yang"]
[Result "0-1"]
[WhiteElo "2206"]
[BlackElo "2463"]
[PlyCount "72"]
[EventDate "2019.10.09"]
[EventType "tourn"]
[EventRounds "5"]
[EventCountry "CAN"]

1. e4 c6 2. d4 d5 3. e5 Bf5 4. Nf3 e6 5. Be2 Nd7 6. O-O h6 7. Nbd2 Ne7 8. Nb3
g5 9. Be3 Bg7 10. Qd2 Qc7 11. Rac1 Bg6 12. g4 f6 13. exf6 Bxf6 14. c4 Be4 15.
Ne1 dxc4 16. Bxc4 h5 17. f3 Bd5 18. Rf2 hxg4 19. fxg4 O-O-O 20. Nd3 Qg3+ 21.
Kf1 Qh3+ 22. Ke1 Bxc4 23. Rxc4 Nd5 24. Re2 N7b6 25. Rc1 Nxe3 26. Qxe3 Qxe3 27.
Rxe3 Rxh2 28. Rxe6 Bxd4 29. Re2 Rh3 30. Nxd4 Rxd3 31. Ne6 Rh8 32. Rcc2 Nd5 33.
Nxg5 Ne3 34. Rc3 Rh1+ 35. Kf2 Nxg4+ 36. Kg2 Rh2+ 0-1

[Event "Mercredi 2019.11.13 ABCD"]
[Site "Montreal CAN"]
[Date "2019.11.13"]
[Round "1"]
[White "Adam, Rafael"]
[Black "Alcantara, Maximo jr"]
[Result "1-0"]
[WhiteElo "1730"]
[BlackElo "1676"]
[PlyCount "85"]
[EventDate "2019.11.13"]
[EventType "swiss"]
[EventRounds "5"]
[EventCountry "CAN"]

1. d4 c6 2. c4 d5 3. e3 Nf6 4. Nf3 Nbd7 5. Nc3 Nb6 6. c5 Nbd7 7. b4 a6 8. Bd3
Qc7 9. Bb2 e5 10. dxe5 Nxe5 11. Nxe5 Qxe5 12. Qd2 Qc7 13. h3 a5 14. a3 axb4 15.
axb4 Rxa1+ 16. Bxa1 Be7 17. O-O O-O 18. Na4 Be6 19. Nb6 Nd7 20. Nxd7 Qxd7 21.
Bd4 Ra8 22. Qb2 f6 23. Ra1 Qc8 24. Ra3 Rxa3 25. Qxa3 Qb8 26. Qa4 Bd7 27. Qa2
Kh8 28. b5 g6 29. b6 Kg7 30. Qa7 Qc8 31. Ba6 Bxh3 32. Qxb7 Qxb7 33. Bxb7 Bd7
34. Ba6 Bd8 35. Bc3 Kf7 36. Ba5 Bc7 37. bxc7 Ke7 38. c8=Q Bxc8 39. Bxc8 f5 40.
f4 Ke8 41. Be6 Ke7 42. Bg8 h6 43. Bh7 1-0

[Event "Mercredi 2019.11.13 ABCD"]
[Site "Montreal CAN"]
[Date "2019.11.13"]
[Round "1"]
[White "Baran, Marius"]
[Black "Allaire, Denis"]
[Result "1-0"]
[WhiteElo "1714"]
[BlackElo "1711"]
[PlyCount "93"]
[EventDate "2019.11.13"]
[EventType "swiss"]
[EventRounds "5"]
[EventCountry "CAN"]

1. e4 e5 2. Nf3 Nf6 3. Nxe5 d6 4. Nf3 Nxe4 5. Nc3 Nf6 6. d4 Be7 7. h3 O-O 8.
Bd3 Re8 9. O-O Nbd7 10. Bf4 Nf8 11. Re1 c5 12. d5 a6 13. a4 Ng6 14. Bh2 Bd7 15.
a5 Qc7 16. Bc4 Bf8 17. b3 Rxe1+ 18. Qxe1 Bf5 19. Qd2 Re8 20. Bd3 Bd7 21. Na4
Ne4 22. Bxe4 Rxe4 23. Nb6 Bf5 24. Nc4 Re8 25. Re1 Rxe1+ 26. Nxe1 f6 27. g4 Bd7
28. f4 Bb5 29. Nb6 c4 30. Nf3 cxb3 31. cxb3 Qe7 32. Kf2 Qe4 33. Nd4 Bd3 34. Qe3
Qh1 35. Bg1 Nh4 36. Qxd3 Qg2+ 37. Ke1 Qxg1+ 38. Kd2 Qf2+ 39. Ne2 Nf3+ 40. Kc3
g6 41. Nd4 Ne1 42. Qe2 Qg3+ 43. Kc4 Kg7 44. Ne6+ Kf7 45. Nxf8 Kxf8 46. Nd7+ Kg7
47. Qe7+ 1-0

[Event "Mercredi 2019.11.13 ABCD"]
[Site "Montreal CAN"]
[Date "2019.11.13"]
[Round "1"]
[White "Barko, Maxim"]
[Black "Kozlov, Guennadi"]
[Result "0-1"]
[WhiteElo "1838"]
[BlackElo "1820"]
[PlyCount "130"]
[EventDate "2019.11.13"]
[EventType "swiss"]
[EventRounds "5"]
[EventCountry "CAN"]

1. d4 d5 2. c4 c6 3. Nc3 e6 4. cxd5 exd5 5. Qc2 Nf6 6. Bg5 Be7 7. e3 Bg4 8.
Nge2 Nbd7 9. Nf4 h6 10. Bxf6 Nxf6 11. f3 Bd7 12. Bd3 Bd6 13. Nfe2 Qc7 14. e4
dxe4 15. fxe4 Bb4 16. a3 Ba5 17. b4 Bb6 18. e5 Nd5 19. Nxd5 cxd5 20. Qb3 Bxd4
21. Nxd4 Qxe5+ 22. Be2 Qxd4 23. Rd1 Qe4 24. O-O O-O 25. Bf3 Qg6 26. Bxd5 Bc6
27. b5 Bxd5 28. Qxd5 Qb6+ 29. Kh1 Rad8 30. Qf5 Rxd1 31. Rxd1 Rd8 32. Rf1 Qe6
33. Qc5 b6 34. Qc7 Qd7 35. Qf4 Rc8 36. h4 Qe6 37. Rd1 Rc4 38. Qb8+ Kh7 39. Qg3
Qe4 40. h5 Qh4+ 41. Qxh4 Rxh4+ 42. Kg1 Rxh5 43. Rd7 Rxb5 44. Rxa7 Ra5 45. Rb7
b5 46. Rb6 f6 47. Kf2 Kg6 48. Rb7 f5 49. Rb6+ Kg5 50. Rb7 g6 51. Rb6 f4 52. Rc6
h5 53. Kg1 Kf5 54. Kh2 g5 55. Rc5+ Kg4 56. a4 Rxa4 57. Rxb5 Kh4 58. Rb3 g4 59.
Rb1 Ra2 60. Kg1 g3 61. Kf1 Kg4 62. Kg1 h4 63. Kh1 h3 64. gxh3+ Kxh3 65. Kg1 f3
0-1

[Event "Mercredi 2019.11.13 ABCD"]
[Site "Montreal CAN"]
[Date "2019.11.13"]
[Round "1"]
[White "Beaulieu, Pierre"]
[Black "Latorre, Vincent"]
[Result "0-1"]
[WhiteElo "1926"]
[BlackElo "1905"]
[PlyCount "120"]
[EventDate "2019.11.13"]
[EventType "swiss"]
[EventRounds "5"]
[EventCountry "CAN"]

1. Nf3 d5 2. g3 c5 3. Bg2 Nf6 4. d3 Nc6 5. Nbd2 e5 6. O-O Be7 7. c3 O-O 8. e4
d4 9. Nc4 Qc7 10. a4 Be6 11. Na3 a6 12. Ng5 Bd7 13. f4 Rab8 14. fxe5 Nxe5 15.
cxd4 cxd4 16. Bf4 Bd6 17. Bxe5 Bxe5 18. Rc1 Qd8 19. Nc4 Bg4 20. Qd2 Bc7 21. e5
Nd5 22. Be4 g6 23. h3 Bc8 24. Bxd5 Qxd5 25. Ne4 Bxe5 26. Qg5 f5 27. Qe7 Bg7 28.
Nb6 Qe5 29. Qd6 Qxd6 30. Nxd6 Be6 31. Rfe1 Bh6 32. Rxe6 Bxc1 33. Nd7 Bxb2 34.
Nxb8 Rxb8 35. Nc4 Bc3 36. a5 Kf7 37. Rd6 Ke7 38. Rb6 Kd7 39. Kg2 Kc7 40. Re6
Rd8 41. Re7+ Rd7 42. Re5 Bb4 43. Kf3 Kc6 44. Re6+ Kb5 45. Re5+ Kc6 46. Re6+ Bd6
47. g4 fxg4+ 48. Kxg4 Kd5 49. Rf6 Bc5 50. h4 Re7 51. h5 Re6 52. Rf7 gxh5+ 53.
Kxh5 b5 54. axb6 Bxb6 55. Rxh7 Kc5 56. Kg4 a5 57. Rd7 a4 58. Kf5 Re2 59. Nxb6
Kxb6 60. Rxd4 a3 {time} 0-1

[Event "Mercredi 2019.11.13 ABCD"]
[Site "Montreal CAN"]
[Date "2019.11.13"]
[Round "1"]
[White "Destree, Frederic"]
[Black "Hernandez, Juan Felipe"]
[Result "1-0"]
[WhiteElo "1848"]
[BlackElo "1786"]
[PlyCount "73"]
[EventDate "2019.11.13"]
[EventType "swiss"]
[EventRounds "5"]
[EventCountry "CAN"]

1. Nf3 Nf6 2. g3 e6 3. Bg2 d5 4. O-O Be7 5. d3 O-O 6. Nbd2 c5 7. Re1 Nc6 8. e4
b6 9. e5 Nd7 10. h4 Qc7 11. Qe2 a5 12. Nf1 Ba6 13. c3 b5 14. h5 h6 15. Bf4 Rad8
16. d4 Qb6 17. Red1 cxd4 18. cxd4 b4 19. Qe3 Kh7 20. N1h2 g5 21. hxg6+ fxg6 22.
Bxh6 Rf5 23. g4 Rf7 24. Bg5 Rdf8 25. Bxe7 Rxe7 26. Ng5+ Kg7 27. Nhf3 Nd8 28.
Bf1 Nf7 29. Kg2 Nxg5 30. Nxg5 Bxf1+ 31. Rxf1 Ree8 32. Rh1 Rh8 33. Rxh8 Rxh8 34.
Rh1 Rxh1 35. Kxh1 Kf8 36. Qf4+ Ke8 37. Qf7+ 1-0

[Event "Mercredi 2019.11.13 ABCD"]
[Site "Montreal CAN"]
[Date "2019.11.13"]
[Round "1"]
[White "Fortin-Lavoie, Patrice"]
[Black "Lewicki, Philip"]
[Result "0-1"]
[WhiteElo "1845"]
[BlackElo "1813"]
[PlyCount "82"]
[EventDate "2019.11.13"]
[EventType "swiss"]
[EventRounds "5"]
[EventCountry "CAN"]

1. Nf3 e6 2. g3 b6 3. Bg2 Bb7 4. O-O f5 5. c4 Nf6 6. Nc3 Be7 7. d3 O-O 8. a3 a5
9. Rb1 Na6 10. Qc2 Qe8 11. e4 fxe4 12. dxe4 Kh8 13. Nd4 e5 14. Nf5 Bd8 15. b4
axb4 16. axb4 Be7 17. Ba3 d6 18. Ne3 Nb8 19. Nb5 Qg6 20. f3 c6 21. Nf5 cxb5 22.
Nxe7 Qf7 23. Nf5 Rxa3 24. Nxd6 Qe7 25. Nxb5 Ra8 26. Rfd1 Nc6 27. c5 Ba6 28. Bf1
Bxb5 29. Bxb5 Nd4 30. Rxd4 exd4 31. c6 Ne8 32. Qe2 Nc7 33. Bd3 Qf6 34. Kg2 Qxc6
35. e5 Nd5 36. Be4 Qe6 37. Qd3 Ra2+ 38. Kg1 Nc3 39. Re1 Nxe4 40. Rxe4 Qh3 41.
Re2 Ra1+ 0-1

[Event "Mercredi 2019.11.13 ABCD"]
[Site "Montreal CAN"]
[Date "2019.11.13"]
[Round "1"]
[White "Lopez Linares, Lizandro"]
[Black "Have, Didier"]
[Result "1-0"]
[WhiteElo "2225"]
[BlackElo "2053"]
[PlyCount "95"]
[EventDate "2019.11.13"]
[EventType "swiss"]
[EventRounds "5"]
[EventCountry "CAN"]

1. d4 Nf6 2. c4 Nc6 3. Nc3 e5 4. d5 Ne7 5. e4 Ng6 6. Be3 Bb4 7. f3 O-O 8. Nge2
d6 9. a3 Bxc3+ 10. Nxc3 Nh5 11. Qc2 f5 12. O-O-O f4 13. Bf2 Bd7 14. c5 Qe7 15.
Qb3 b6 16. cxd6 cxd6 17. Ba6 Bc8 18. Qa4 Nf6 19. Kb1 Nd7 20. Bb5 Nc5 21. Qc2
Bb7 22. b4 Na6 23. Rc1 Nb8 24. Qb3 Kh8 25. Rc2 a6 26. Bd3 b5 27. Rhc1 Nd7 28.
a4 bxa4 29. Nxa4 Rfc8 30. Rc7 Qd8 31. Qc3 Ngf8 32. Be2 Rcb8 33. Ka1 Nc5 34.
Rxc5 dxc5 35. bxc5 Qe8 36. c6 Bc8 37. Nb6 Rxb6 38. Bxb6 Rb8 39. Bc7 Ra8 40.
Bxe5 Ra7 41. Rb1 Ng6 42. Bd4 Rf7 43. Rb8 Rc7 44. Bxa6 Ne7 45. Bxg7+ Kg8 46. Bd4
Nxc6 47. dxc6 Rxc6 48. Qxc6 1-0

[Event "Mercredi 2019.11.13 ABCD"]
[Site "Montreal CAN"]
[Date "2019.11.13"]
[Round "1"]
[White "Mangahas, Ronald"]
[Black "Tsukerman, Julia"]
[Result "0-1"]
[WhiteElo "1929"]
[BlackElo "1854"]
[PlyCount "62"]
[EventDate "2019.11.13"]
[EventType "swiss"]
[EventRounds "5"]
[EventCountry "CAN"]

1. e4 c5 2. Nf3 d6 3. d4 cxd4 4. Nxd4 Nf6 5. Nc3 a6 6. Bc4 e6 7. Bb3 Be7 8. O-O
O-O 9. a4 b6 10. f4 Qc7 11. Kh1 Nbd7 12. Qe2 Bb7 13. Re1 Nc5 14. e5 Nxb3 15.
Nxb3 Nd5 16. Bd2 dxe5 17. fxe5 Rad8 18. Qg4 Nxc3 19. Bxc3 Bd5 20. Nd4 Qc4 21.
Re3 f5 22. exf6 Bxf6 23. b3 Qc8 24. Rae1 e5 25. Qxc8 Rxc8 26. Nf5 Bg5 27. Rxe5
Bxg2+ 28. Kxg2 Rxc3 29. R1e2 Rc6 30. Nd4 Rg6 31. Re6 Bf6+ 0-1

[Event "Mercredi 2019.11.13 ABCD"]
[Site "Montreal CAN"]
[Date "2019.11.13"]
[Round "1"]
[White "Nardone, Raul"]
[Black "Gauthier, Luc"]
[Result "1/2-1/2"]
[WhiteElo "1775"]
[BlackElo "1627"]
[PlyCount "77"]
[EventDate "2019.11.13"]
[EventType "swiss"]
[EventRounds "5"]
[EventCountry "CAN"]

1. Nf3 f5 2. d3 Nf6 3. g3 d6 4. Bg2 e5 5. O-O Be7 6. c4 O-O 7. Nc3 Nc6 8. Nd5
h6 9. Bd2 Be6 10. Nh4 Kh7 11. e4 fxe4 12. Nxf6+ Rxf6 13. Bxe4+ Kg8 14. Qh5 Qe8
15. Qd1 g5 16. Ng2 Bf5 17. Bxf5 Rxf5 18. Ne3 Rf7 19. Bc3 Bf8 20. Qg4 Qd7 21.
Qe4 Bg7 22. Rae1 Raf8 23. Qd5 Nd8 24. Qa5 a6 25. Nd5 Nc6 26. Qa3 Qf5 27. Qb3
Nd8 28. Re4 Ne6 29. Qd1 Qf3 30. Ree1 Nc5 31. Ne3 Ne6 32. Qxf3 Rxf3 33. Rd1 c6
34. Kg2 h5 35. Rd2 g4 36. Rdd1 Bh6 37. Bd2 Bg7 38. Bc3 Bh6 39. Bd2 1/2-1/2

[Event "Mercredi 2019.11.13 ABCD"]
[Site "Montreal CAN"]
[Date "2019.11.13"]
[Round "1"]
[White "Nesterov, Timour"]
[Black "Yu, Zong Yang"]
[Result "0-1"]
[WhiteElo "1953"]
[BlackElo "2478"]
[PlyCount "74"]
[EventDate "2019.11.13"]
[EventType "swiss"]
[EventRounds "5"]
[EventCountry "CAN"]

1. d4 Nf6 2. Nf3 g6 3. g3 Bg7 4. Bg2 O-O 5. c4 d6 6. Nc3 Nbd7 7. O-O e5 8. e3
Qe7 9. b3 Re8 10. Ba3 a6 11. Rc1 Rb8 12. dxe5 Nxe5 13. Nd5 Nxd5 14. Qxd5 b5 15.
Nxe5 Bxe5 16. Qd2 Be6 17. Bc6 Red8 18. cxb5 axb5 19. Bb4 Bh3 20. Rfe1 Bg7 21.
a4 bxa4 22. bxa4 Rb6 23. Bd5 Rdb8 24. Bc3 Bxc3 25. Qxc3 c6 26. Bh1 d5 27. e4
Qd6 28. exd5 cxd5 29. Red1 Be6 30. Rd4 Rb3 31. Qa5 Qe5 32. Rd2 Rb1 33. Rcd1 Qh5
34. f3 Qe5 35. Qc5 Rxd1+ 36. Rxd1 Qe2 37. Rf1 Bh3 0-1

[Event "Mercredi 2019.11.13 ABCD"]
[Site "Montreal CAN"]
[Date "2019.11.13"]
[Round "1"]
[White "Templonuevo, Mark Geryl"]
[Black "Gates, Claude-Eric"]
[Result "1/2-1/2"]
[WhiteElo "1929"]
[BlackElo "1860"]
[PlyCount "106"]
[EventDate "2019.11.13"]
[EventType "swiss"]
[EventRounds "5"]
[EventCountry "CAN"]

1. e3 d5 2. c4 Nf6 3. Nf3 c6 4. Nc3 Bg4 5. cxd5 Bxf3 6. gxf3 Nxd5 7. Qb3 Nb6 8.
d4 e6 9. h4 N8d7 10. Bd2 Nf6 11. O-O-O g6 12. Kb1 Bg7 13. h5 Nxh5 14. Rxh5 gxh5
15. Ne4 Bf8 16. Bc3 Nd5 17. Qxb7 Nxc3+ 18. Nxc3 Qc8 19. Qb3 Rb8 20. Qc2 Be7 21.
Bd3 Qb7 22. b3 Qb4 23. Ne2 Kd7 24. e4 Rhc8 25. Bc4 Bf6 26. e5 Be7 27. Rc1 a5
28. Qxh7 Rf8 29. Qc2 a4 30. Nf4 Qb6 31. Nxh5 Rh8 32. Ng3 Ba3 33. Rd1 Ke7 34. f4
Rbd8 35. Ne2 Rh2 36. f5 Rxf2 37. fxe6 axb3 38. axb3 fxe6 39. Qg6 Rd5 40. Qg1
Rf3 41. Kc2 Kd7 42. Qg4 Rf2 43. Kd3 Be7 44. Rh1 Rxe2 45. Kxe2 Qxd4 46. Qxd4
Rxd4 47. Ke3 c5 48. Ra1 Bg5+ 49. Kf3 Rf4+ 50. Kg3 Re4 51. Ra7+ Kd8 52. Bxe6
Rxe5 53. Rd7+ Ke8 1/2-1/2